|
|
|
|
| LEADER |
00000nam0a2200000 4500 |
| 001 |
94394 |
| 005 |
20231031105629.0 |
| 035 |
|
|
|a (RuTPU)RU\TPU\book\101111
|
| 090 |
|
|
|a 94394
|
| 100 |
|
|
|a 20060411d1978 m y0rusy50 ca
|
| 101 |
0 |
|
|a rus
|
| 102 |
|
|
|a RU
|
| 105 |
|
|
|a ac z 001zd
|
| 200 |
1 |
|
|a Сибирский электромоторный
|f В. С. Синяев, Н. М. Дмитриенко, П. С. Коновалов
|g под ред. д. и. н. Н. В. Блинова; фот. Ю. И. Хмарский
|
| 210 |
|
|
|a Томск
|c Изд-во Томского ун-та
|d 1978
|
| 215 |
|
|
|a 230 с.
|c ил., портр.
|d 20 см.
|
| 300 |
|
|
|a На обл. авт. не указаны
|
| 300 |
|
|
|a В примечаниях даны краткие биографические сведения о работниках завода.
|
| 320 |
|
|
|a Примечания: с. 207-220
|
| 320 |
|
|
|a Именной указатель: с. 221-228.
|
| 610 |
1 |
|
|a Томск
|
| 610 |
1 |
|
|a заводы
|
| 610 |
1 |
|
|a история
|
| 610 |
1 |
|
|a персоналии
|
| 610 |
1 |
|
|a Сибэлектромотор
|
| 610 |
1 |
|
|a 20 век
|
| 610 |
1 |
|
|a электромашиностроение
|
| 675 |
|
|
|a 9(С18)
|v 3
|
| 675 |
|
|
|a 621.313.002(09)
|v 3
|
| 700 |
|
1 |
|a Синяев
|b В. С.
|g Виталий Степанович
|
| 701 |
|
1 |
|a Дмитриенко
|b Н. М.
|g Надежда Михайловна
|
| 701 |
|
1 |
|a Коновалов
|b П. С.
|g Петр Сергеевич
|
| 702 |
|
1 |
|a Блинов
|b Н. В.
|c доктор исторических наук
|4 340
|
| 702 |
|
1 |
|a Хмарский
|b Ю. И.
|4 600
|
| 801 |
|
1 |
|a RU
|b 63413507
|c 20060411
|g PSBO
|
| 801 |
|
2 |
|a RU
|b 63413507
|c 20190213
|g PSBO
|
| 942 |
|
|
|c BK
|